Mysticism and philosophy.

Bibliographic Details
Main Author: Stace, W. T. (Walter Terence), 1886-1967
Format: Book
Language:English
Published: Philadelphia : Lippincott, [1960]
Edition:[1st ed.].
Subjects:

MARC

Tag First Indicator Second Indicator Subfields
LEADER 00000cam a2200000 4500
001 in00000038555
005 20151007081128.0
008 720731s1960 eng u
010 |a  60013581  
035 |a (OCoLC)00369414 
035 |9 AAF5914AM 
040 |c WSU  |d TXA  |d UtOrBLW 
049 |a TXAM  |c [328832] 
090 |a B56  |b .S8 
092 |a 149.3  |b S775m 
100 1 |a Stace, W. T.  |q (Walter Terence),  |d 1886-1967. 
245 1 0 |a Mysticism and philosophy. 
250 |a [1st ed.]. 
264 1 |a Philadelphia :  |b Lippincott,  |c [1960] 
300 |a 349 pages ;  |c 22 cm. 
336 |a text  |b txt  |2 rdacontent 
337 |a unmediated  |b n  |2 rdamedia 
338 |a volume  |b nc  |2 rdacarrier 
504 |a Includes bibliography. 
536 |a From the Library of Manuel H. Davenport, superb teacher and military ethicist, August 2001. 
650 0 |a Mysticism. 
650 0 |a Philosophy. 
650 0 |a Philosophy and religion. 
999 |a MARS 
999 f f |s 2bb36537-2071-3449-b96c-e6439067c8b5  |i 42722347-3987-3f18-88ca-03c6500b1ca4  |t 0 
952 f f |p normal  |a Texas A&M University  |b College Station  |c Sterling C. Evans Library  |d Evans: Library Stacks  |t 0  |e B56 .S8  |h Library of Congress classification  |i unmediated -- volume  |m A14828331058 
952 f f |p normal  |a Texas A&M University  |b College Station  |c Sterling C. Evans Library  |d Evans: Library Stacks  |t 0  |e B56 .S8  |h Library of Congress classification  |i unmediated -- volume  |m A14800519454 
998 f f |a B56 .S8  |t 0  |l Evans: Library Stacks 
998 f f |a B56 .S8  |t 0  |l Evans: Library Stacks